| 000 | 01466nam a2200337 a 4500 | ||
|---|---|---|---|
| 005 | 20150903020002.0 | ||
| 008 | 140306b2001 ck ||||| |||| 00| 0 spa d | ||
| 020 | _a958332891X | ||
| 040 |
_aCO-BoIAVH _cCO-BoIAVH |
||
| 041 | 0 | _aspa | |
| 044 | _ack | ||
| 082 | 0 | 4 |
_a333.7204 _bN32p |
| 090 |
_aLB _b02428 |
||
| 110 | 2 |
_bMinisterio del Medio Ambiente _bUnidad Administrativa Especial del Sistema de Parques Nacionales Naturales, UAESPNN _aColombia |
|
| 245 | 1 |
_aPolítica de participación social en la conservación / _cParques nacionales de Colombia |
|
| 260 |
_aBogotá (Colombia): _bMinambiente, _bUAESPNN, _c2001. |
||
| 300 |
_a85 páginas _bilustraciones, gráficas y tablas. _c24 cm. |
||
| 500 | _aIncluye anexo. | ||
| 504 | _aIncluye referencias bibliográficas (Páginas77-80). | ||
| 505 | _aFundamentos de política de parques con la gente. Objetivos y lineamientos estratégicos. Bases jurídicas para la gestión. Estrategias metodológicas. | ||
| 650 | 6 |
_aÁreas protegidas _zColombia |
|
| 650 | 4 |
_aParques nacionales naturales _zColombia |
|
| 650 | 6 |
_aÁreas protegidas _xManejo _zColombia |
|
| 650 | 4 |
_aParticipación comunitaria _zColombia |
|
| 650 | 4 |
_aConservación in situ _zColombia |
|
| 650 | 4 |
_aManejo participativo _zColombia |
|
| 650 | 6 |
_aOrdenamiento territorial _zColombia |
|
| 662 | _aColombia | ||
| 700 | 1 | _aNavarrete Rodríguez, Juan Manuel | |
| 942 |
_cLIBRO _2z _01 |
||
| 999 |
_c2619 _d2619 |
||